Cuộc đời dài lắm

Bewaard in:
Bibliografische gegevens
Hoofdauteur: Chu Lai
Formaat: Boek
Taal:Undetermined
Gepubliceerd in: Hà Nội QĐND 2004
Onderwerpen:
Tags: Voeg label toe
Geen labels, Wees de eerste die dit record labelt!
Thư viện lưu trữ: Trung tâm Học liệu Trường Đại học Cần Thơ
LEADER 00506nam a2200205Ia 4500
001 CTU_62322
008 210402s9999 xx 000 0 und d
020 |b 74000 
082 |a 895.92234 
082 |b L103 
100 |a Chu Lai 
245 0 |a Cuộc đời dài lắm 
245 0 |c Chu Lai 
260 |a Hà Nội 
260 |b QĐND 
260 |c 2004 
650 |a vietnamese fiction 
650 |y 21st century 
904 |i Minh 
980 |a Trung tâm Học liệu Trường Đại học Cần Thơ